Добровольцы (Запись № 12982284)

Подробности
000 -МАРКЕР
контрольное поле 02919nam0a2200433 4500
001 - ИДЕНТИФИКАТОР ЗАПИСИ
контрольное поле RU\NLR\BIBL_A\012734272
005 - ИДЕНТИФИКАТОР ВЕРСИИ
контрольное поле 20220610181443.0
010 ## - МЕЖДУНАРОДНЫЙ СТАНДАРТНЫЙ НОМЕР КНИГИ (ISBN)
Номер (ISBN) 978-5-85824-224-6
Тираж 900
021 ## - НОМЕР ГОСУДАРСТВЕННОЙ РЕГИСТРАЦИИ
Код страны Российская Федерация
Номер КН-П-21-085826
Номер Листа государственной регистраци КН-П-21-6832
035 ## - ДРУГИЕ СИСТЕМНЫЕ НОМЕРА
Идентификатор записи (NLR Aleph) 012734272
035 ## - ДРУГИЕ СИСТЕМНЫЕ НОМЕРА
Идентификатор записи (RuMoRGB)010912698
100 ## - ДАННЫЕ ОБЩЕЙ ОБРАБОТКИ
Данные общей обработки 20220321d2022 u y0rusy50 ca
101 0# - ЯЗЫК РЕСУРСА
Язык текста, звукозаписи и т.д. русский
102 ## - СТРАНА ПУБЛИКАЦИИ ИЛИ ПРОИЗВОДСТВА
Страна публикации Российская Федерация
105 ## - ПОЛЕ КОДИРОВАННЫХ ДАННЫХ: ТЕКСТОВЫЕ МАТЕРИАЛЫ, МОНОГРАФИЧЕСКИЕ
Кодированные данные о монографическом текстовом документе ac||z||||||z|
181 #1 - ПОЛЕ КОДИРОВАННЫХ ДАННЫХ: ВИД СОДЕРЖАНИЯ
Код вида содержания (ISBD) i3
Код характеристики содержания (ISBD) axxe
182 #1 - ПОЛЕ КОДИРОВАННЫХ ДАННЫХ: ТИП СРЕДСТВА
Код типа средства (ISBD) n - непосредственное
200 1# - ЗАГЛАВИЕ И СВЕДЕНИЯ ОБ ОТВЕТСТВЕННОСТИ
Основное заглавие Добровольцы
Сведения, относящиеся к заглавию сборник
Первые сведения об ответственности сост., прим., научные редакторы: доктор исторических наук Гагкуев Р. Г., доктор исторических наук Цветков В. Ж.
Последующие сведения об ответственности предисл. В.Ж. Цветков
203 ## - ВИД СОДЕРЖАНИЯ И ТИП СРЕДСТВА
Вид содержания Текст
Дополнительные сведения об издании визуальный
Тип средства непосредственный
210 ## - ПУБЛИКАЦИЯ, РАСПРОСТРАНЕНИЕ И ДР.
Место издания, распространения и т.д. Москва
Имя издателя, распространителя и т. д. Белые воины
-- Посев
Дата издания, распространения и т.д. 2022 [т.е. 2021]
215 ## - ФИЗИЧЕСКАЯ ХАРАКТЕРИСТИКА
Специфическое обозначение материала и объем 409 с., [38] л. портр., цв. портр.
Другие сведения о физической характеристике цв. ил.
Размеры 22
225 1# - СЕРИЯ
Основное заглавие серии Военно-историческая серия "Белые воины"
Сведения об ответственности авт. проекта А.Н. Алексеев
300 ## - ОБЩИЕ ПРИМЕЧАНИЯ
Текст примечания Кн. фактически изд. в 2021 г.
320 ## - ПРИМЕЧАНИЯ О НАЛИЧИИ В ДОКУМЕНТЕ БИБЛИОГРАФИИ / УКАЗАТЕЛЯ
Текст примечания Библиогр. в примеч. в конце ст
320 ## - ПРИМЕЧАНИЯ О НАЛИЧИИ В ДОКУМЕНТЕ БИБЛИОГРАФИИ / УКАЗАТЕЛЯ
Текст примечания Имен. указ.: с. 403-407
330 ## - РЕЗЮМЕ ИЛИ РЕФЕРАТ
Текст примечания Новая двенадцатая книга серии <Белые воины> посвящена офицерам - добровольцам, участникам Гражданской войны в рядах армий Южного и Восточного фронтов Белого движения. В издании приведены подробные биографии двенадцати офицеров, фронтовиков Первой мировой войны, добровольцами вступивших в белые армии в 1918 г. Все они - кавалеры боевых орденов, в том числе и высшей офицерской награды - ордена Святого Георгия и Георгиевского оружия
601 02 - НАИМЕНОВАНИЕ ОРГАНИЗАЦИИ КАК ПРЕДМЕТ
Начальный элемент ввода Добровольческая армия
Идентифицирующий признак 1917 - 1920
Тематический подзаголовок Офицерский состав
Системный номер авторитетной/нормативной записи 2395460
Идентификатор авторитетной/нормативной записи RU\NLR\AUTH\661428264
606 1# - НАИМЕНОВАНИЕ ТЕМЫ КАК ПРЕДМЕТ
Наименование темы Офицеры
Географический подзаголовок Россия
Хронологический подзаголовок 1917 - 1922
Системный номер авторитетной/нормативной записи 2549745
Идентификатор авторитетной/нормативной записи RU\NLR\AUTH\661508868
606 1# - НАИМЕНОВАНИЕ ТЕМЫ КАК ПРЕДМЕТ
Наименование темы "Белое движение"
Тематический подзаголовок Деятели
Системный номер авторитетной/нормативной записи 2429979
Идентификатор авторитетной/нормативной записи RU\NLR\AUTH\661446436
606 1# - НАИМЕНОВАНИЕ ТЕМЫ КАК ПРЕДМЕТ
Наименование темы Гражданская война и интервенция в СССР
Хронологический подзаголовок 1918 - 1920
Системный номер авторитетной/нормативной записи 913573
Идентификатор авторитетной/нормативной записи RU\NLR\AUTH\6614464
675 ## - УНИВЕРСАЛЬНАЯ ДЕСЯТИЧНАЯ КЛАССИФИКАЦИЯ (UDC/УДК)
Индекс 355.48(47+57)<1918/1920>(092)(082)
Издание 4
686 1# - ИНДЕКСЫ ДРУГИХ КЛАССИФИКАЦИЙ
Индекс Ц35(2)712-4,2д
686 1# - ИНДЕКСЫ ДРУГИХ КЛАССИФИКАЦИЙ
Индекс Ц4,8(2)243.1
702 #1 - ИМЯ ЛИЦА - ВТОРИЧНАЯ ОТВЕТСТВЕННОСТЬ
Начальный элемент ввода Гагкуев
Часть имени, кроме начального элемента ввода Р. Г.
Даты 1975-
Расширение инициалов личного имени Руслан Григорьевич
Код отношения Составитель
942 ## - ДОПОЛНИТЕЛЬНЫЕ ЭЛЕМЕНТЫ ЗАПИСИ (АБИС)
Тип экземпляра АБИС Книга
980 ## - КОЛЛЕКЦИЯ
Название коллекции Национальная библиография
Экземпляры
Тип экземпляра Дата поступления Источник поступления Библиотека постоянного хранения Библиотека текущего хранения Место хранения Шифр хранения Штрих-код Статус экземпляра
Книга 21.03.2022 Обязательный экземпляр РНБ (Московский) РНБ (Московский) Русский книжный фонд: издания с 1957 года 2022-5/2746 1-3732657  
Книга 21.03.2022 Обязательный экземпляр РНБ (Московский) РНБ (Московский) Русский книжный фонд: издания с 1957 года 2022-5/2746 1-3732658